K otázke neporušiteľnosti a nemeniteľnosti hraníc, práv menšín a ľudských práv
Riešenie otázok vzťahov medzi neporušiteľnosťou a nemeniteľnosťou hraníc, právami menšín, resp. právami a slobodami osôb patriacich k národnostným menšinám a ľudskými právami. Medzinárodné dokumenty, medzištátne zmluvy, dohovory riešiace vzťahy vnútroštátneho a medzinárodného práva.
Saved in:
| Main Author: | |
|---|---|
| Format: | Book Chapter |
| Language: | Slovak |
| Subjects: | |
| Tags: |
No Tags, Be the first to tag this record!
|
MARC
| LEADER | 00000naa a2200000 4500 | ||
|---|---|---|---|
| 001 | r017549 | ||
| 005 | 20221205102606.5 | ||
| 041 | 0 | |a slo | |
| 044 | |a SK | ||
| 245 | 1 | 0 | |a K otázke neporušiteľnosti a nemeniteľnosti hraníc, práv menšín a ľudských práv |c Ján Azud |
| 520 | |a Riešenie otázok vzťahov medzi neporušiteľnosťou a nemeniteľnosťou hraníc, právami menšín, resp. právami a slobodami osôb patriacich k národnostným menšinám a ľudskými právami. Medzinárodné dokumenty, medzištátne zmluvy, dohovory riešiace vzťahy vnútroštátneho a medzinárodného práva. | ||
| 610 | 2 | 0 | |a národnosti |
| 610 | 2 | 0 | |a menšiny národnostné |
| 610 | 2 | 0 | |a Maďari |
| 610 | 2 | 0 | |a Slováci |
| 610 | 2 | 0 | |a Maďarsko |
| 610 | 2 | 0 | |a Slovensko |
| 610 | 2 | 0 | |a práva ľudské |
| 610 | 2 | 0 | |a právo medzinárodné |
| 610 | 2 | 0 | |a Rada Európy |
| 610 | 2 | 0 | |a vzťahy politické medzinárodné |
| 610 | 2 | 0 | |a politika zahraničná |
| 610 | 2 | 0 | |a ochrana práv občanov |
| 610 | 2 | 0 | |a zmluvy medzinárodné |
| 610 | 2 | 0 | |a dokumenty vládne |
| 100 | 1 | |a Azud, Ján | |